Principles of Management (Record no. 10546)

MARC details
000 -LEADER
fixed length control field 00393nam a22001697a 4500
003 - CONTROL NUMBER IDENTIFIER
control field OSt
008 - FIXED-LENGTH DATA ELEMENTS--GENERAL INFORMATION
fixed length control field 210303b ||||| |||| 00| 0 eng d
020 ## - INTERNATIONAL STANDARD BOOK NUMBER
International Standard Book Number 9789352605354
100 ## - MAIN ENTRY--PERSONAL NAME
Personal name TRIPATHI, P.C.
245 ## - TITLE STATEMENT
Title Principles of Management
250 ## - EDITION STATEMENT
Edition statement 6th ed.
260 ## - PUBLICATION, DISTRIBUTION, ETC. (IMPRINT)
Place of publication, distribution, etc New Delhi
Name of publisher, distributor, etc Mc Graw Hill
Date of publication, distribution, etc 2019
300 ## - PHYSICAL DESCRIPTION
Extent 476
650 ## - SUBJECT ADDED ENTRY--TOPICAL TERM
Topical term or geographic name as entry element B.Com
700 ## - ADDED ENTRY--PERSONAL NAME
Personal name REDDY, P N
942 ## - ADDED ENTRY ELEMENTS (KOHA)
Source of classification or shelving scheme Dewey Decimal Classification
Koha item type Text Books
942 ## - ADDED ENTRY ELEMENTS (KOHA)
-- 33
Holdings
Withdrawn status Lost status Source of classification or shelving scheme Damaged status Not for loan Collection code Home library Current library Date acquired Source of acquisition Currency Cost, normal purchase price Bill Number Total Checkouts Acc. no. / Barcode Date last seen Actual Cost, discounted price Bill Date Koha item type Date last borrowed
    Dewey Decimal Classification     B.Com PIET NCR College Library PIET NCR College Library 03/03/2021 Kirti Prakashan Indian Rup 645.00 IN1742   N834 03/03/2021 438.60 01/03/2021 Reference Books  
    Dewey Decimal Classification     B.Com PIET NCR College Library PIET NCR College Library 03/03/2021 Kirti Prakashan Indian Rup 645.00 IN1742 2 N835 16/12/2021 438.60 01/03/2021 Text Books 30/11/2021
    Dewey Decimal Classification     B.Com PIET NCR College Library PIET NCR College Library 03/03/2021 Kirti Prakashan Indian Rup 645.00 IN1742 7 N836 05/01/2023 438.60 01/03/2021 Text Books 22/12/2022
    Dewey Decimal Classification     B.Com PIET NCR College Library PIET NCR College Library 03/03/2021 Kirti Prakashan Indian Rup 645.00 IN1742 5 N837 11/02/2022 438.60 01/03/2021 Text Books 27/12/2021
    Dewey Decimal Classification     B.Com PIET NCR College Library PIET NCR College Library 03/03/2021 Kirti Prakashan Indian Rup 645.00 IN1742 2 N838 06/12/2021 438.60 01/03/2021 Text Books 30/11/2021
    Dewey Decimal Classification     B.Com PIET NCR College Library PIET NCR College Library 03/03/2021 Kirti Prakashan Indian Rup 645.00 IN1742 4 N839 30/01/2024 438.60 01/03/2021 Text Books 25/01/2024
    Dewey Decimal Classification     B.Com PIET NCR College Library PIET NCR College Library 03/03/2021 Kirti Prakashan Indian Rup 645.00 IN1742 4 N840 22/12/2022 438.60 01/03/2021 Text Books 08/12/2022
    Dewey Decimal Classification     B.Com PIET NCR College Library PIET NCR College Library 03/03/2021 Kirti Prakashan Indian Rup 645.00 IN1742 4 N841 31/03/2022 438.60 01/03/2021 Text Books 14/03/2022
    Dewey Decimal Classification     B.Com PIET NCR College Library PIET NCR College Library 03/03/2021 Kirti Prakashan Indian Rup 645.00 IN1742 4 N842 25/11/2022 438.60 01/03/2021 Text Books 11/11/2022
    Dewey Decimal Classification     B.Com PIET NCR College Library PIET NCR College Library 03/03/2021 Kirti Prakashan Indian Rup 645.00 IN1742 4 N843 30/01/2024 438.60 01/03/2021 Text Books 25/01/2024

Design & Developed by: PIET Central Library
R70 Miles Stone Pattikalyana Samalkha Panipat 132102
mail ID :- [email protected], Phone No:- 0180-2569700 Ex.216